Logos de marques cachés - Statistiques

Statistiques générales
  • Ce quiz a été pris 2 517 fois
  • Le résultat moyen est 11 sur 12
Statistiques - réponses
Par images Réponse % Correct
Domino's
100%
Instagram
99%
Pepsi
98%
Play station
98%
Red bull
97%
Michelin
95%
Pringles
92%
Wikipedia
85%
Schell
81%
Firefox
80%
Total
69%
Chupa chups
58%
Aucun quiz correspondant
Distribution des résultats
% des personnes avec chaque résultat
Percentile par nombre de réponses
Votre historique - résultats
Vous n’avez pas pris ce quiz